00678cam a2200217 a 450000100100000000500170001000800410002702000150006804000290008308200190011210000330013124500570016426000480022130000200026949000280028949000150031758600400033265000220037265000260039483000400042000001009120200929161835.0930628s1992 ck 000 0 spa  a9586121089 aDO-SdBNPbspacLCdBNPHU aC862.44bD542s1 aDíaz Vargas, Henry,d1948-13aLa sangre más transparente /cHenry Díaz Vargas. aSantafé de Bogotá :bColcultura,c1992. a84 p. ;c21 cm.1 aPremios Nacionales '92.1 aLiteratura aPremio Nacional de Literatura 1992. 4aTeatro colombiano 4aLiteratura colombiana 0aPremios Nacionales '92.pLiteratura